00417pam a22001454a 4500020001500000040000800015082002600023100002000049245006900069260004600138300004900184650001100233942001000244999001700254 a1578083370 cDLC00a634 SCI 2004 C154 Or.1 aMukhopadhyay, S10aCitrus :bproduction, postharvest, disease and pest management / aEnfield, NH :bScience Publishers,cc2004 aviii, 277 p. :bill. (chiefly col.) ;c25 cm 0aCitrus cAEDBB c18931d18931